000 00464nab a2200145Ia 4500
003 ES-SlBCS
005 20210601135704.0
008 140529s1997 xxu||||| |||| 00| 0 spa d
041 _aspa
100 1 _aArens, Edmund
_99505
245 0 0 _aParticipación y testimonio. ¿Qué significa hoy la muerte y la vida en Jesucristo?
_c Edmund Arens
600 0 4 _aJesucristo-Significado
_9235402
773 0 _tConcilium
_gnº. 269, 1997, págs. 147-157
_wRev134
942 _cAR
999 _c632314
_d632314